Advertising graphics. Ed 2. (Record no. 113032)
[ view plain ]
| 000 -LEADER | |
|---|---|
| fixed length control field | 00433nam a2200169Ia 4500 |
| 008 - FIXED-LENGTH DATA ELEMENTS--GENERAL INFORMATION | |
| fixed length control field | 210210b1974 xxu||||| |||| 00| 0 eng d |
| 020 ## - INTERNATIONAL STANDARD BOOK NUMBER | |
| International Standard Book Number | 0 02 311510 6 |
| 082 ## - DEWEY DECIMAL CLASSIFICATION NUMBER | |
| Classification number | 760 BOCA |
| 100 ## - MAIN ENTRY--PERSONAL NAME | |
| Personal name | BOCKUS (H William). |
| 245 ## - TITLE STATEMENT | |
| Title | Advertising graphics. Ed 2. |
| 250 ## - EDITION STATEMENT | |
| Edition statement | |
| 260 ## - PUBLICATION, DISTRIBUTION, ETC. | |
| Place of publication, distribution, etc. | New York. |
| Name of publisher, distributor, etc. | Macmillan Publishing Co Inc |
| Date of publication, distribution, etc. | 1974 |
| 300 ## - PHYSICAL DESCRIPTION | |
| Extent | xi,273 |
| 650 ## - SUBJECT ADDED ENTRY--TOPICAL TERM | |
| Topical term or geographic name entry element | Advertising Graphics<br/><br/> |
| 690 ## - LOCAL SUBJECT ADDED ENTRY--TOPICAL TERM (OCLC, RLIN) | |
| Topical term or geographic name as entry element | The Arts |
| 906 ## - LOCAL DATA ELEMENT F, LDF (RLIN) | |
| a | SG01631 |
| Withdrawn status | Lost status | Source of classification or shelving scheme | Damaged status | Not for loan | Collection code | Home library | Current library | Shelving location | Date acquired | Cost, normal purchase price | Total Checkouts | Full call number | Barcode | Date last seen | Price effective from | Koha item type |
|---|---|---|---|---|---|---|---|---|---|---|---|---|---|---|---|---|
| Dewey Decimal Classification | Others | St Aloysius Library | St Aloysius Library | Secondary stack section | 02/17/2021 | 0.00 | 760 BOCA | SG01631 | 02/17/2021 | 02/17/2021 | Special Grants |